| 000 | 00663nam a2200205 i 4500 | ||
|---|---|---|---|
| 001 | 120949 | ||
| 003 | ES-MaACL | ||
| 005 | 20230906191645.0 | ||
| 007 | t| | ||
| 008 | 070214s1959 sp r ||||1| spa d | ||
| 100 | 1 |
_aPrawdin, Michael. _993724 |
|
| 245 | 1 | 0 |
_aRasputín y el ocaso de un imperio / _cMichael Prawdin ; traducción de Emma Gifre de Martinell. |
| 250 | _a1ª ed. | ||
| 260 |
_a[S. l.] : _b[s. n.], _c1959. |
||
| 300 |
_a323 p. ; _c23 cm. |
||
| 600 | 0 | 4 |
_aRasputin, Grigoriï Efimovich. _995503 |
| 651 | 4 |
_aRusia- _xHistoria- _y1894-1917, Nicolás II. _99334 |
|
| 700 | 1 |
_aGifre de Martinell, Emma. _956703 |
|
| 852 |
_aES-MaACL _jC-16250 _bR.44496 |
||
| 999 |
_c120949 _d120949 |
||